000 01262cam a2200325 i 4500
001 768714001
003 CO-MdBIC
005 20231122151621.0
007 ta
008 231122t1985 sp ||||| |||| 00| 0 spa d
020 _a84-301-0974-9
040 _bspa.
_aCO-MdFUSB
_cCO-MdFUSB
_dCO-MdFUSBC
_erda
041 _aspa
082 0 4 _aG 231 K1928d
100 1 _aKasper, Walter 1933-
245 1 0 _aEl Dios de Jesucristo / Walter Kasper ; traducido por Manuel Olasagasti
_c/
250 _a7
264 1 _aSalamanca : Sígueme
_bEdiciones Sígueme,
_c[1985]
264 4 _c©1985
300 _a379 p. 22 cm
_c;
336 _atexto
_btxt
_2rdacontent
337 _2rdamedia
_asin mediación
_bn
338 _2rdacarrier
_avolumen
_bnc
500 _aÍndice \ Título original en alemán: Der Gott Jesu Christi
501 _aEn rústico
505 0 0 _aLa cuestión de Dios, hoy : la negaciónd de Dios en el ateísmo moderno, Conocimiento de Dios en la fe -- El mensaje sobre el Dios de Jesucristo: Dios, Padre todopoderoso, Jesucristo, Hijo de Dios, El Espíritu santo, señor y vivificador -- El misterio trinitario de Dios: bases de la doctrina, formación de la doctrina
650 7 _aDios
_9323
_xEnseñanza bíblica
942 _cBK
945 _aJohan1477
999 _c44444
_d44444